Central Library OPAC University of Rajshahi

Teaching in post-war schools / (Record no. 58985)

MARC details
000 -LEADER
fixed length control field 00581nam a22002057a 4500
001 - CONTROL NUMBER
control field 58985
003 - CONTROL NUMBER IDENTIFIER
rucl marc code BD-RjUL
005 - DATE AND TIME OF LATEST TRANSACTION
control field 20211209080700.0
008 - FIXED-LENGTH DATA ELEMENTS--GENERAL INFORMATION
fixed length control field 161220s1947 enk||||| |||| 00| 0 eng d
035 ## - SYSTEM CONTROL NUMBER
System control number (BD-RjUL)59109
040 ## - CATALOGING SOURCE
Original cataloging agency BD-RjUL
Language of cataloging eng
Transcribing agency BD-RjUL
Modifying agency BD-RjUL
041 ## - LANGUAGE CODE
Language code of text/sound track or separate title eng
082 ## - DEWEY DECIMAL CLASSIFICATION NUMBER
Edition number 23
Classification number 371
Author mark and year TEA 1947
245 10 - TITLE STATEMENT
Title Teaching in post-war schools /
Statement of responsibility, etc. Ed. by K. N. Srivastava
260 ## - PUBLICATION, DISTRIBUTION, ETC. (IMPRINT)
Place of publication, distribution, etc. Cumberlege :
Name of publisher, distributor, etc. Oxford university press,
Date of publication, distribution, etc. 1947
300 ## - PHYSICAL DESCRIPTION
Pagination 99 p. ;
Size 18 cm.
650 ## - SUBJECT ADDED ENTRY--TOPICAL TERM
Topical term or geographic name as entry element School education
9 (RLIN) 175406
700 ## - ADDED ENTRY--PERSONAL NAME
Personal name Srivastava, K. N.
942 ## - ADDED ENTRY ELEMENTS (KOHA)
Source of classification or shelving scheme Dewey Decimal Classification
Koha item type Books
Holdings
Lost status Source of classification or shelving scheme Damaged status Not for loan Collection code Permanent Location Current Location Shelving location Date acquired Source of acquisition Cost, normal purchase price Total Checkouts Full call number Date last seen Copy number Koha item type
  Dewey Decimal Classification   Not For Loan Non-fiction Central Library, University of Rajshahi Central Library, University of Rajshahi Reading Room 21/09/1957 Saidullah kham 3.00   371 TEA 1947 20/12/2016 C-1 Books